000 01693cam a2200385 a 4500
001 designingbuildin00weem
003 CaSfIA
005 20210118001742.0
007 cr||||
008 840621s1984 paua f 001 0 eng
010 _a 84008889
040 _aDLC
_cDLC
_dBTCTA
_dOCLCG
_dYDXCP
_dCaSfIA
020 _a083061964X (pbk.) :
_c$9.95
020 _a9780830619641 (pbk.)
020 _a0830609644 (Radio Shack ed.)
020 _a9780830609642 (Radio Shack ed.)
035 _a(OCoLC)10948903
050 0 0 _aTK9968
_b.W44 1984
082 0 0 _a621.38/028/2
_219
100 1 _aWeems, David B.
_q(David Burnola),
_d1922-
245 1 0 _aDesigning, building & testing your own speaker system -- with projects /
_h[electronic resource]
_cby David B. Weems.
250 _a2nd ed.
260 _aBlue Ridge Summit, Pa. :
_bTab Books,
_cc1984.
300 _a190 p. :
_bill. ;
_c22 cm.
500 _aIncludes index.
650 0 _aLoudspeakers
_xDesign and construction
_vAmateurs' manuals.
740 0 _aDesigning, building, and testing your own speaker system.
856 4 1 _uhttp://www.archive.org/details/designingbuildin00weem
_zFree eBook from the Internet Archive
856 4 2 _uhttp://www.openlibrary.org/books/OL2846778M
_zAdditional information and access via Open Library
029 1 _aNZ1
_b3383407
029 1 _aAU@
_b000003420734
942 _cEB
506 _fНеобхідна авторизація на https://archive.org/ (створення облікового запису безкоштовно)
506 _fНеобхідна авторизація на https://openlibrary.org/ (створення облікового запису безкоштовно)
999 _c487950
_d487950